| 000 -LEADER |
| fixed length control field |
01575nam a2200289zi 4500 |
| 001 - CONTROL NUMBER |
| control field |
991061522582606706 |
| 003 - CONTROL NUMBER IDENTIFIER |
| control field |
ES-BaBAB |
| 005 - DATE AND TIME OF LATEST TRANSACTION |
| control field |
20260312192526.0 |
| 008 - FIXED-LENGTH DATA ELEMENTS--GENERAL INFORMATION |
| fixed length control field |
251126s2025 spc |||| f cat|c |
| 017 ## - COPYRIGHT OR LEGAL DEPOSIT NUMBER |
| Copyright or legal deposit number |
DL B 13560-2025 |
| Assigning agency |
Biblioteca de Catalunya |
| 020 ## - INTERNATIONAL STANDARD BOOK NUMBER |
| International Standard Book Number |
9788419474797 |
| 040 ## - CATALOGING SOURCE |
| Original cataloging agency |
ES-ReCLR |
| Language of cataloging |
cat |
| Description conventions |
rda |
| Transcribing agency |
ES-ReCLR |
| 041 1# - LANGUAGE CODE |
| Language code of text/sound track or separate title |
cat |
| Language code of original |
eng |
| 080 ## - UNIVERSAL DECIMAL CLASSIFICATION NUMBER |
| Universal Decimal Classification number |
821.111-3 |
| 100 1# - MAIN ENTRY--PERSONAL NAME |
| Personal name |
Sackville-West, V. |
| Fuller form of name |
(Victoria), |
| Dates associated with a name |
1892-1962, |
| Relator term |
autor |
| 9 (RLIN) |
196420 |
| 240 14 - UNIFORM TITLE |
| Uniform title |
The Edwardians. |
| Language of a work |
Català |
| 245 14 - TITLE STATEMENT |
| Title |
Els Eduardians / |
| Statement of responsibility, etc. |
Vita Sackville-West ; traducció de Maria Rossich |
| 250 ## - EDITION STATEMENT |
| Edition statement |
Primera edició |
| 264 #1 - PRODUCTION, PUBLICATION, DISTRIBUTION, MANUFACTURE, AND COPYRIGHT NOTICE |
| Place of production, publication, distribution, manufacture |
[Barcelona] : |
| Name of producer, publisher, distributor, manufacturer |
Viena Edicions, |
| Date of production, publication, distribution, manufacture, or copyright notice |
octubre del 2025 |
| 300 ## - PHYSICAL DESCRIPTION |
| Extent |
268 pàgines ; |
| Dimensions |
24 cm |
| 336 ## - CONTENT TYPE |
| Content type term |
text |
| Content type code |
txt |
| Source |
rdacontent |
| 337 ## - MEDIA TYPE |
| Media type term |
sense mediació |
| Media type code |
n |
| Source |
rdamedia |
| 338 ## - CARRIER TYPE |
| Carrier type term |
volum |
| Carrier type code |
nc |
| Source |
rdacarrier |
| 490 1# - SERIES STATEMENT |
| Series statement |
Club Victoria ; |
| Volume/sequential designation |
21 |
| 520 ## - SUMMARY, ETC. |
| Summary, etc. |
Amb només dinou anys, en Sebastian és conscient que heretarà d’aquí a no gaire tant la mansió de Chevron, amb totes les finques que l’envolten, com el títol de duc. Ell i la seva germana Viola han rebut la formació adequada per assumir aquesta responsabilitat i se senten dipositaris d’una llarga tradició familiar, però alhora són només dos adolescents que detesten la hipocresia i les pretensions de l’alta aristocràcia que els envolta i que s’esforça a amagar les seves febleses sota el glamur de l’elegància i la subtilesa de les bones maneres. |
| 830 #0 - SERIES ADDED ENTRY--UNIFORM TITLE |
| Uniform title |
Club Victòria |
| Volume/sequential designation |
21 |
| 9 (RLIN) |
257723 |
| 908 ## - PUT COMMAND PARAMETER (RLIN) |
| Put command parameter |
CLR |
| -- |
BAB |
| 940 ## - EQUIVALENCE OR CROSS-REFERENCE--UNIFORM TITLE [OBSOLETE] [CAN/MARC only] |
| Uniform title |
CLR |
| 942 ## - ADDED ENTRY ELEMENTS (KOHA) |
| Source of classification or shelving scheme |
|
| Koha item type |
Llibres |
| Koha issues (borrowed), all copies |
5 |